00358nam a22001097a 4500082001500000100003800015245011100053260004000164300001000204563000700214650002700221 a910.4bMAN aDr. Muhammad Mushtaq Ahmad Mangat aPhir chala musafir: Nepal, Germany, Rome, Iran, Myanmar, Qatar ke SafarcDr. Muhammad Mushtaq Ahmad Mangat aLahore:bAasim Publications;c2023. a151p. aHB aTravela Safar-nāmah